ბათუმის შოთა რუსთაველის სახელმწიფო უნივერსიტეტის ბიბლიოთეკა

აჭარის (სამხრეთ კოლხეთის) ბიოლოგიური მრავალფეროვნება = The biological diversity of Adjara (South Colchic) : (ბიბ.ჩანაწერი № 37589)

000 -ლიდერი
ფიქსირებული სიგრძის საკონტროლო ველი 01771nam a2200265Ia 4500
001 - საკონტროლო ნომერი
საკონტროლო ველი 3560
003 - საკონტროლო ნომრის იდენტიფიკატორი
საკონტროლო ველი GE_BSU
005 - ბოლო ოპერაციის თარიღი და დრო
საკონტროლო ველი 20190620162224.0
008 - ფიქსირებული სიგრძის მონაცემთა ელემენტები - ზოგადი ინფორმაცია
ფიქსირებული სიგრძის საკონტროლო ველი 181216s2009||||ge |||||||||||||| ||geo||
020 ## - წიგნის საერთაშორისო სტანდარტული ნომერი
International Standard Book Number 9789941409615
040 ## - კატალოგიზაციის წყარო
Transcribing agency GE_BSU
080 ## - უნივერსალური ათობითი კლასიფიკაციის ინდექსი
Universal Decimal Classification number 574(479.223)(068) ა–95
245 ## - ცნობა სათაურის შესახებ
Title აჭარის (სამხრეთ კოლხეთის) ბიოლოგიური მრავალფეროვნება = The biological diversity of Adjara (South Colchic) :
Remainder of title (საერთაშორისო კონფერენციის მასალები, 2008 წლის 5-7 ივნისი, ბათუმი) /
Statement of responsibility, etc შოთა რუსთაველის სახელმწ. უნ-ტი, სსიპ ბათუმის ბოტან. ბაღი ; სამეცნ. რედ. მურმან დავითაძე ; სარედ. კოლ.: მ. დავითაძე (რედ.)[და სხვ.
264 ## - წარმოების, გამოცემის, დისტრიბუციის და სხვა ცნობები
გამოცემის, წარმოების, დისტრიბუციის... ადგილი ბათუმი :
გამოცემის, წარმოების, დისტრიბუციის... სახელწოდება შოთა რუსთაველის სახელმწ. უნ-ტის გამ-ბა,
გამოცემის, წარმოების, დისტრიბუციის... თარიღი 2009.
300 ## - ფიზიკური აღწერა
Extent 279 გვ. :
Other physical details სურ., ცხრ. ;
Dimensions 28 სმ.
300 ## - ფიზიკური აღწერა
Accompanying material ცხრ.
504 ## - BIBLIOGRAPHY, ETC. NOTE
Bibliography, etc რეზ. და ბიბლიოგრ. თავების ბოლოს.
653 ## - INDEX TERM--UNCONTROLLED
Uncontrolled term აჭარის ფლორა
700 ## - ADDED ENTRY--PERSONAL NAME
Personal name დავითაძე, მ.;
9 (RLIN) 2491
700 ## - ADDED ENTRY--PERSONAL NAME
Personal name გოგმაჩაძე, თ.
9 (RLIN) 2676
700 ## - ADDED ENTRY--PERSONAL NAME
Personal name შაინიძე, ო. და სხვ.
9 (RLIN) 2677
710 ## - ADDED ENTRY--CORPORATE NAME
Corporate name or jurisdiction name as entry element შოთა რუსთაველის სახელმწ. უნ-ტი
9 (RLIN) 2678
710 ## - ADDED ENTRY--CORPORATE NAME
Corporate name or jurisdiction name as entry element სსიპ ბათუმის ბოტანიკური ბაღი
9 (RLIN) 2679
942 ## - ADDED ENTRY ELEMENTS (KOHA)
Koha item type წიგნი
Source of classification or shelving scheme
ეგზემპლარები
ჩამოწერის სტატუსი დაკარგული ეგზემპლარის სტატუსი კლასიფიკაციის წყარო ან თაროზე გაწყობის სქემა დაზიანების სტატუსი არ გაიცემა მუდმივი მდებარეობა (დაცვის ადგილი) ამჟამინდელი ადგილსამყოფელი თაროზე განთავსების ადგილი შეძენის თარიღი სრული შენახვის შიფრი შტრიხკოდი ბოლო ოპერაციის თარიღი ეგზემპლარის მიმდევრობითი ნომერი (კეტერი?) ფასის ძალაში შესვლის თარიღი ეგზემპლარის სახეობა საჯარო შენიშვნა
          ბათუმის შოთა რუსთაველის სახელმწიფო უნივერსიტეტის მთავარი ბიბლიოთეკა ბათუმის შოთა რუსთაველის სახელმწიფო უნივერსიტეტის მთავარი ბიბლიოთეკა წიგნსაცავი 2018-12-17 574(479.223)(068) ა–95 5047 2018-12-17 5047 2018-12-17 წიგნი
          ბათუმის შოთა რუსთაველის სახელმწიფო უნივერსიტეტის მთავარი ბიბლიოთეკა ბათუმის შოთა რუსთაველის სახელმწიფო უნივერსიტეტის მთავარი ბიბლიოთეკა წიგნსაცავი 2018-12-17 574(479.223)(068) ა–95 5048 2018-12-17 5048 2018-12-17 წიგნი
          ბათუმის შოთა რუსთაველის სახელმწიფო უნივერსიტეტის მთავარი ბიბლიოთეკა ბათუმის შოთა რუსთაველის სახელმწიფო უნივერსიტეტის მთავარი ბიბლიოთეკა წიგნსაცავი 2018-12-17 574(479.223)(068) ა–95 45657 2018-12-17 45657 2018-12-17 წიგნი  
          ბათუმის შოთა რუსთაველის სახელმწიფო უნივერსიტეტის მთავარი ბიბლიოთეკა ბათუმის შოთა რუსთაველის სახელმწიფო უნივერსიტეტის მთავარი ბიბლიოთეკა წიგნსაცავი 2018-12-17 574(479.223)(068) ა–95 45658 2018-12-17 45658 2018-12-17 წიგნი  
          ბათუმის შოთა რუსთაველის სახელმწიფო უნივერსიტეტის მთავარი ბიბლიოთეკა ბათუმის შოთა რუსთაველის სახელმწიფო უნივერსიტეტის მთავარი ბიბლიოთეკა წიგნსაცავი 2018-12-17 574(479.223)(068) ა–95 45659 2018-12-17 45659 2018-12-17 წიგნი  
          ბათუმის შოთა რუსთაველის სახელმწიფო უნივერსიტეტის მთავარი ბიბლიოთეკა ბათუმის შოთა რუსთაველის სახელმწიფო უნივერსიტეტის მთავარი ბიბლიოთეკა   2018-12-17 574(479.223)(068) ა–95 45656 2018-12-17 45656 2018-12-17 წიგნი